|
|
|
|
| LEADER |
02044nam a22005295i 4500 |
| 001 |
978-1-4020-3786-3 |
| 003 |
DE-He213 |
| 005 |
20151204174304.0 |
| 007 |
cr nn 008mamaa |
| 008 |
100301s2005 ne | s |||| 0|eng d |
| 020 |
|
|
|a 9781402037863
|9 978-1-4020-3786-3
|
| 024 |
7 |
|
|a 10.1007/1-4020-3786-4
|2 doi
|
| 040 |
|
|
|d GrThAP
|
| 050 |
|
4 |
|a QB1-991
|
| 050 |
|
4 |
|a QB460-466
|
| 050 |
|
4 |
|a QB980-991
|
| 072 |
|
7 |
|a PGC
|2 bicssc
|
| 072 |
|
7 |
|a SCI004000
|2 bisacsh
|
| 072 |
|
7 |
|a SCI005000
|2 bisacsh
|
| 082 |
0 |
4 |
|a 520
|2 23
|
| 100 |
1 |
|
|a Sidharth, B.G.
|e author.
|
| 245 |
1 |
4 |
|a The Universe of Fluctuations
|h [electronic resource] :
|b The Architecture of Spacetime and the Universe /
|c by B.G. Sidharth.
|
| 264 |
|
1 |
|a Dordrecht :
|b Springer Netherlands,
|c 2005.
|
| 300 |
|
|
|a X, 194 p.
|b online resource.
|
| 336 |
|
|
|a text
|b txt
|2 rdacontent
|
| 337 |
|
|
|a computer
|b c
|2 rdamedia
|
| 338 |
|
|
|a online resource
|b cr
|2 rdacarrier
|
| 347 |
|
|
|a text file
|b PDF
|2 rda
|
| 490 |
1 |
|
|a Fundamental Theories of Physics ;
|v 147
|
| 505 |
0 |
|
|a The Unification Paradigm -- Standard Models of Physics and Cosmology -- Different Approaches: Quantum Superstrings and Quantum Gravity -- Other Approaches -- Fuzzy Spacetime and the Planck Scale -- The Universe of Fluctuations -- Quantum Geometry -- How Fundamental is Gravitation? -- The Elusive Mass Spectrum -- Experimental Effects.
|
| 650 |
|
0 |
|a Physics.
|
| 650 |
|
0 |
|a Gravitation.
|
| 650 |
|
0 |
|a Quantum physics.
|
| 650 |
|
0 |
|a Astronomy.
|
| 650 |
|
0 |
|a Astrophysics.
|
| 650 |
|
0 |
|a Cosmology.
|
| 650 |
1 |
4 |
|a Physics.
|
| 650 |
2 |
4 |
|a Astronomy, Astrophysics and Cosmology.
|
| 650 |
2 |
4 |
|a Quantum Physics.
|
| 650 |
2 |
4 |
|a Classical and Quantum Gravitation, Relativity Theory.
|
| 710 |
2 |
|
|a SpringerLink (Online service)
|
| 773 |
0 |
|
|t Springer eBooks
|
| 776 |
0 |
8 |
|i Printed edition:
|z 9781402037856
|
| 830 |
|
0 |
|a Fundamental Theories of Physics ;
|v 147
|
| 856 |
4 |
0 |
|u http://dx.doi.org/10.1007/1-4020-3786-4
|z Full Text via HEAL-Link
|
| 912 |
|
|
|a ZDB-2-PHA
|
| 950 |
|
|
|a Physics and Astronomy (Springer-11651)
|